000 00412nam a2200157 i 4500
001 36019
003 ES-MaACL
005 20230906155256.0
007 t|
008 030214s1977 ag ||||1| spa d
100 1 _aBristow, Willy.
_931798
245 1 0 _aNarciso /
_cWilly Bristow.
260 _a[Buenos Aires :
_bGrupo Cero,
_c1977]
300 _a70 p. :
_bil. ;
_c23 cm.
852 _aES-MaACL
_jA-3980
_bR.100433
999 _c36019
_d36019